| 000 | 00456nam a2200169Ia 4500 | ||
|---|---|---|---|
| 003 | GCL | ||
| 008 | 140319s9999 xx 000 0 eng d | ||
| 040 |
_aGCL / _cGCL |
||
| 082 | 0 | 4 |
_a617.7 _bK C |
| 100 | 1 | _aKANSKI, JACK J. | |
| 245 | 1 | 0 |
_aCLINICAL OPHTHALMOLOGY: A SYSTEMATIC APPROACH / _cKANSKI, JACK J. |
| 260 |
_a[S.N] : _bBUTTERWORTH HEINEMANN ، _c1994 |
||
| 300 | _a514\P | ||
| 650 | 0 | 4 | _aOPHTHALMOLOGY |
| 650 | 0 | 4 | _aEYE DISEASES |
| 942 |
_2ddc _cBK |
||
| 999 |
_c19980 _d19980 |
||